Diagnostic Pathology Endocrine (Record no. 35934)

MARC details
000 -LEADER
fixed length control field 00392nam a22001577a 4500
003 - CONTROL NUMBER IDENTIFIER
control field OSt
005 - DATE AND TIME OF LATEST TRANSACTION
control field 20240124113050.0
008 - FIXED-LENGTH DATA ELEMENTS--GENERAL INFORMATION
fixed length control field 240124b |||||||| |||| 00| 0 eng d
020 ## - INTERNATIONAL STANDARD BOOK NUMBER
International Standard Book Number 978-0-323-52480-3
040 ## - CATALOGING SOURCE
Original cataloging agency DDC
Transcribing agency HU
082 ## - DEWEY DECIMAL CLASSIFICATION NUMBER
Edition number 2nd
Classification number 616.4
Item number 4
100 ## - MAIN ENTRY--PERSONAL NAME
Personal name Nose,Vania.
9 (RLIN) 37465
245 ## - TITLE STATEMENT
Title Diagnostic Pathology Endocrine
260 ## - PUBLICATION, DISTRIBUTION, ETC.
Place of publication, distribution, etc. canada
Name of publisher, distributor, etc. Elseiver
Date of publication, distribution, etc. 2018
942 ## - ADDED ENTRY ELEMENTS (KOHA)
Source of classification or shelving scheme Dewey Decimal Classification
Koha item type Books like text book referance book
Suppress in OPAC No
Holdings
Withdrawn status Lost status Source of classification or shelving scheme Damaged status Not for loan Home library Current library Date acquired Total Checkouts Full call number Barcode Date last seen Copy number Price effective from Koha item type
    Dewey Decimal Classification     Natural & Computational Science Library Natural & Computational Science Library 01/24/2024   616.4,Nos,2018,C-1 CMHSL00011991 01/24/2024 1 01/24/2024 Books like text book referance book
    Dewey Decimal Classification     Natural & Computational Science Library Natural & Computational Science Library 01/24/2024   616.4,Nos,2018,C-1 CMHSL00011992 01/24/2024 2 01/24/2024 Books like text book referance book
    Dewey Decimal Classification     Natural & Computational Science Library Natural & Computational Science Library 01/24/2024   616.4,Nos,2018,C-1 CMHSL00011993 01/24/2024 3 01/24/2024 Books like text book referance book
    Dewey Decimal Classification     Natural & Computational Science Library Natural & Computational Science Library 01/24/2024   616.4,Nos,2018,C-1 CMHSL00011994 01/24/2024 4 01/24/2024 Books like text book referance book